Normal view
MARC view
- Jeffrey B.Fortin
Entry Personal Name
001 - CONTROL NUMBER
- control field: 122735
003 - CONTROL NUMBER IDENTIFIER
- control field: NUST
005 - DATE AND TIME OF LATEST TRANSACTION
- control field: 20240520095957.0
008 - FIXED-LENGTH DATA ELEMENTS
- fixed length control field: 240520|| aca||aabn | a|a d
040 ## - CATALOGING SOURCE
- Original cataloging agency: NUST
- Transcribing agency: NUST
100 ## - HEADING--PERSONAL NAME
- Personal name: Jeffrey B.Fortin
670 ## - SOURCE DATA FOUND
- Source citation: Work cat.: (NUST): Jeffrey B.Fortin, Chemical Vapor Deposition Polymerization The Growth and Properties of parylene thin Films , 2004
